Udržitelné podnikání
Ako začleniť princípy udržateľnosti do systému riadenia podniku prostredníctvom aplikácie jedného z environmentálnych nástrojov, ekologickej a uhlíkovej stopy. Vývoj koncepcie udržateľného podnikania. Základné princípy udržateľného podnikania podľa OSN.
Uložené v:
| Hlavný autor: | |
|---|---|
| Médium: | Kapitola |
| Jazyk: | Czech |
| Predmet: | |
| Tagy: |
Žiadne tagy, Buďte prvý, kto otaguje tento záznam!
|
MARC
| LEADER | 00000nla a2200000 4500 | ||
|---|---|---|---|
| 001 | 0199994 | ||
| 005 | 20240417075056.4 | ||
| 041 | 0 | |a cze | |
| 044 | |a CZ | ||
| 245 | 1 | 0 | |a Udržitelné podnikání |c Magdalena Zbránková |
| 520 | |a Ako začleniť princípy udržateľnosti do systému riadenia podniku prostredníctvom aplikácie jedného z environmentálnych nástrojov, ekologickej a uhlíkovej stopy. Vývoj koncepcie udržateľného podnikania. Základné princípy udržateľného podnikania podľa OSN. | ||
| 610 | 2 | 0 | |a podnikanie |
| 610 | 2 | 0 | |a rozvoj trvalo udržateľný |
| 610 | 2 | 0 | |a riadenie podnikové |
| 610 | 2 | 0 | |a zodpovednosť spoločenská |
| 100 | 1 | |a Zbránková, Magdalena | |